Účtovné prípady pôsobiace na výsledok hospodárenia podnikateľov bakalárska práca

Saved in:
Bibliographic Details
Main Author: Érsek, Dávid
Corporate Author: Fakulta hospodárskej informatiky EU. Katedra účtovníctva a audítorstva
Other Authors: Melicherová, Ingrid, 1971-
Format: Book
Language:Slovak
Published: Bratislava 2014
Tags: Add Tag
No Tags, Be the first to tag this record!

MARC

LEADER 00000nbm a2200000 4500
001 0189784
005 20170201111443.1
041 0 |a slo 
044 |a SK 
245 1 0 |a Účtovné prípady pôsobiace na výsledok hospodárenia podnikateľov  |b bakalárska práca  |c Dávid Érsek ; školiteľ: Ingrid Melicherová 
264 1 |a Bratislava  |c 2014 
300 |a 43 s. 
100 1 |a Érsek, Dávid 
700 1 |a Melicherová, Ingrid, 1971- 
710 2 |a Fakulta hospodárskej informatiky EU. Katedra účtovníctva a audítorstva